Klasifikácia produkcie

Enregistré dans:
Détails bibliographiques
Format: Livre
Langue:slovaque
Publié: Bratislava PERFEKT 1995
Édition:1. vyd.
Sujets:
Tags: Ajouter un tag
Pas de tags, Soyez le premier à ajouter un tag!

MARC

LEADER 00000nam a2200000 4500
001 c010909
005 20221128073201.4
041 0 |a slo 
044 |a SK 
245 1 0 |a Klasifikácia produkcie 
250 |a 1. vyd. 
264 1 |a Bratislava  |b PERFEKT  |c 1995 
300 |a 482 s. 
610 2 0 |a výrobky 
610 2 0 |a produkcia 
610 2 0 |a klasifikácia